Economía colombiana del siglo XIX (Registro nro. 11732)

Detalles MARC
000 -LEADER
fixed length control field 02462cam a2200349 a 4500
003 - CONTROL NUMBER IDENTIFIER
control field OSt
005 - DATE AND TIME OF LATEST TRANSACTION
control field 20210520154620.0
008 - FIXED-LENGTH DATA ELEMENTS--GENERAL INFORMATION
fixed length control field 110922s2010 ck abd r 101 0 spa d
020 ## - INTERNATIONAL STANDARD BOOK NUMBER
International Standard Book Number 9583801607
020 ## - INTERNATIONAL STANDARD BOOK NUMBER
International Standard Book Number 9789583801600
040 ## - CATALOGING SOURCE
Original cataloging agency FXG
Transcribing agency CO-JMCR
041 0# - LANGUAGE CODE
Language code of text/sound track or separate title spa
082 04 - DEWEY DECIMAL CLASSIFICATION NUMBER
Classification number 330.9861 /
Item number S471e
Edition number 23
111 2# - MAIN ENTRY--MEETING NAME
Meeting name or jurisdiction name as entry element Seminario internacional sobre historia económica colombiana del siglo XIX
Date of meeting or treaty signing (2007 ago. 15-16
Location of meeting Bogotá, Colombia)
9 (RLIN) 37737
245 10 - TITLE STATEMENT
Title Economía colombiana del siglo XIX
Statement of responsibility, etc. editores Adolfo Meisel Roca y María Teresa Ramírez
246 3# - VARYING FORM OF TITLE
Title proper/short title Economía colombiana del siglo 19
246 3# - VARYING FORM OF TITLE
Title proper/short title Economía colombiana del siglo diecinueve
250 ## - EDITION STATEMENT
Edition statement Primera edición
260 ## - PUBLICATION, DISTRIBUTION, ETC.
Place of publication, distribution, etc. Bogotá :
Name of publisher, distributor, etc. Fondo de Cultura Económica :
-- Banco de la República,
Date of publication, distribution, etc. 2010.
300 ## - PHYSICAL DESCRIPTION
Extent 723 páginas :
Other physical details ilustraciones, gráficas, mapas y tablas en blanco y negro ;
Dimensions 24 cm +
Accompanying material 1 CD-ROM (34.8 MB ; 12 cm.)
490 0# - SERIES STATEMENT
Series statement Sección de obras de economía
501 ## - WITH NOTE
With note Con: notas a pie de página.
504 ## - BIBLIOGRAPHY, ETC. NOTE
Bibliography, etc. note Bibliografía: páginas 689-705
505 ## - FORMATTED CONTENTS NOTE
Formatted contents note Precios y salarios urbanos en el siglo XIX. -- Las finanzas públicas en el siglo XIX. -- Financiamiento interno de Colombia en el siglo XIX, 1820-1920. -- El sector externo de la economía Colombiana en el siglo XIX. -- Conflicto de tierra, derechos de propiedad y surgimiento de la economía exportadora. -- El ingreso colombiano en el siglo XIX. -- La demografía de Colombia en el siglo XIX. -- El surgimiento de la educación en Colombia. --La manumisión en Colombia, 1821-1851, un análisis cuantitativo. -- El problema de los transportes en Colombia en el siglo XIX. -- Constituciones y crecimiento económico en la Colombia del siglo XIX. -- Élites, propiedad y desigualdad: los determinantes de la detentación de los cargos públicos en Antioquia durante el siglo XIX. -- Inseguridad y desarrollo económico en Colombia en el primer siglo de vida de la Republicana independiente: Unas consideraciones preliminares.
650 14 - SUBJECT ADDED ENTRY--TOPICAL TERM
Topical term or geographic name entry element Economía colombiana
General subdivision Historia
Chronological subdivision Siglo XIX
Form subdivision Congresos
9 (RLIN) 37738
651 24 - SUBJECT ADDED ENTRY--GEOGRAPHIC NAME
Geographic name Colombia
General subdivision Condiciones económicas
Chronological subdivision Siglo XIX
Form subdivision Congresos
9 (RLIN) 37739
651 24 - SUBJECT ADDED ENTRY--GEOGRAPHIC NAME
Geographic name Colombia
General subdivision Política económica
Chronological subdivision Siglo XIX
Form subdivision Congresos
9 (RLIN) 37740
700 1# - ADDED ENTRY--PERSONAL NAME
Personal name Meisel Roca, Adolfo
Relator term editora
9 (RLIN) 7353
700 1# - ADDED ENTRY--PERSONAL NAME
Personal name Ramírez, María Teresa
Relator term editor
9 (RLIN) 7479
942 ## - ADDED ENTRY ELEMENTS (KOHA)
Source of classification or shelving scheme Dewey Decimal Classification
Koha item type Books
Existencias
Withdrawn status Lost status Source of classification or shelving scheme Damaged status Not for loan Home library Current library Shelving location Date acquired Source of acquisition Full call number Barcode Date last seen Copy number Price effective from Koha item type Total Checkouts
    Dewey Decimal Classification     Biblioteca Pública José María del Castillo y Rada Biblioteca Pública José María del Castillo y Rada General Stacks 04/15/2018 Donación 330.9861 / S471e 430000361 05/16/2024 Ej.1 03/10/2021 Books  
    Dewey Decimal Classification     Biblioteca Pública José María del Castillo y Rada Biblioteca Pública José María del Castillo y Rada General Stacks 04/15/2018 Donación 330.9861 / S471e 430000292 05/16/2024 Ej.2 03/10/2021 Books  
    Dewey Decimal Classification     Biblioteca Pública José María del Castillo y Rada Biblioteca Pública José María del Castillo y Rada   05/20/2021   330.9861 / S471e   05/20/2021   05/20/2021 Books  
    Dewey Decimal Classification     Biblioteca Pública José María del Castillo y Rada Biblioteca Pública José María del Castillo y Rada Audio Visual 04/15/2018 Donación 330.9861 / S471e 201811092 05/20/2021 Ej.1 02/24/2021 Books  
    Dewey Decimal Classification     Biblioteca Pública José María del Castillo y Rada Biblioteca Pública José María del Castillo y Rada Audio Visual 04/15/2018 Donación 330.9861 / S471e 201811093 05/20/2021 Ej.2 02/24/2021 Books